000 01361cab a2200241 4500
001 ABS67495
008 040303n2004 000 0 eng u
035 _a(Sirsi) u125305
100 _aWaller, A.
245 _aVision: Outsourcing
260 _c2004
490 _aEstates Gazette
_v(0408) 21 February 2004, 118-121(4)
520 _aExamines the processes of outsourcing and its potential benefits for businesses. Gives an explanation of what outsourcing is and how it differs from a traditional supplier relationship. Details some of the many different types of outsourcing,including application service provision and business process outsourcing, and gives further advice on what businesses can outsource. Argues that typical areas for a property company to outsource could be property and facilities management including rental and service charge accounting, which would allow the property company to concentrate on more core tasks. Warns of some of the problems that can occur with these processes and gives some key areas to examine if outsourcing is going to be considered.
590 _aABS
650 _aOUTSOURCING
650 _aOUTSIDE CONTRACTING
650 _aProperty management
_96262
650 _aPROPERTY INVESTMENT
650 _aCOST CONTROL
690 _aMANAGEMENT-BUSINESS MANAGEMENT
700 _aShooter, R.
942 _n0
999 _c74219
_d74219